000 01473cam a2200397Mi 4500
001 73762
005 20230410103741.0
006 aa 000 0
008 950601s1995 fr ao 001 0 fre d
035 _a(OCoLC)ocn263569347
040 _aHEBIS
_bger
_cHEBIS
020 _a2737703719
020 _a9782737703713
035 _a(OCoLC)263569347
050 1 4 _a318 DC 708
_bC211g 1995
100 1 _aCamus, Dominique
245 1 3 _aLe guide des maisons d'artistes et d'écrivains en région parisienne/
_cDominique Camus; photographies de Thibaut de Wurstemberger
260 _aLyon :
_bEditions La Manufacture,
_c1995.
300 _a298 p.:
_bill., photgrs.;
_c23cm.
440 0 _aLes Guides de La Manufacture.
500 _aIncludes index
505 0 _aLes maisons de peintres-- Les maisons de sculpteurs-- Les maisons de musiciens-- Les maisons d'ecrivains.
650 4 _aPrimera Jornada de Catalogación.
650 0 _aArtists' studios
_zFrance
_xGuidebooks
650 0 _aAuthors
_xDwellings
_zFrance.
_xGuidebooks
650 0 _aArtistes
_xRésidences et lieux familiers
_zFrance.
_xHistory
650 0 _aArtistas, estudios
_zFrancia.
_xGuia
650 0 _aAutores
_xViviendas
_zFrancia
_xGuia
650 0 _aArtistas
_xResidencias y lugares familiares
_zFrancia
_xHistoria
650 4 _aCES
650 4 _aColección Enriquillo Sánchez
700 1 _aWurstemberger, Thibaut de
_ephotgrs.
942 _2lcc
_cbk
946 _amjcruz
994 _aC0
_bDRFGD
999 _c25113
_d25113